000 01126nam a2200265 4500
001 174489
003 ES-MaACL
005 20230906215539.0
008 100429s1977 sp a |||| |dspa d
017 _aM 21874-1977
080 _a7(460)"19"(064.3)
245 0 0 _aNueva generación 1967-77
_b: [exposición] Palacio Velázquez, Madrid... julio-septiembre, 1977.
260 _aMadrid :
_bDirección General del Patrimonio Artístico y Cultural :
_bComisaría Nacional de Museos y Extensión Cultural,
_c[1977]
300 _a91 p. :
_bil. col. y n. ;
_c25 cm.
490 1 _aPublicación del Patronato Nacional de Museos
650 7 _aArte español-
_yS.XX-
_vExposiciones.
_910206
650 0 4 _aArtistas-
_zEspaña-
_yS.XX.
_910360
655 7 _2tgfbne
_9193628
_aCatálogos de exposiciones
710 1 _aEspaña.
_bDirección General del Patrimonio Artístico y Cultural.
_93790
710 1 _aEspaña.
_bComisaría Nacional de Museos y Extensión Cultural.
_9142617
830 0 _aPublicación del Patronato Nacional de Museos
_9189429
852 _a BA
_jC-57181
942 _2udc
999 _c174489
_d174489